| 000 | 00425nam a22001697a 4500 | ||
|---|---|---|---|
| 005 | 20180323123024.0 | ||
| 008 | 160622b xxu||||| |||| 00| 0 eng d | ||
| 020 | _a978-81-259-2357-3 | ||
| 041 | _aeng | ||
| 082 |
_b8886 _a338.5024658 |
||
| 100 |
_aDwivedi, D.N _9314 |
||
| 245 | _aManagerial Economics | ||
| 260 |
_aNew Delhi _bVikas Publishing House (P) Ltd. |
||
| 300 | _a695 | ||
| 650 |
_aManagement _9241 |
||
| 942 | _cBK | ||
| 999 |
_c3479 _d3478 |
||